000 00519nam a2200181 4500
001 132848
003 ES-MaACL
005 20231207063029.0
007 t|
008 070214s1979 sp r ||||1| spa d
100 1 _aRosales, Luis,
_d1910-1992
_999644
245 1 0 _aDiario de una resurrección /
_cLuis Rosales.
250 _a1ª ed.
260 _aMadrid [etc.] :
_bFondo de Cultura Económica,
_c1979.
300 _a140 p. ;
_c21 cm.
852 _aES-MaACL
_jA-10179
_bR.99380
999 _c132848
_d132848